000 02066 a2200229 4500
020 _a0471389528
020 _a9780471389521
082 0 4 _a658.048
090 _c2896
_d2896
100 1 _aMcLaughlin, Thomas A.
245 1 0 _aTrade secrets for nonprofit managers /
_cThomas A. McLaughlin.
250 _a1st ed.
260 _a[S.l.] :
_bWiley,
_c2001.
300 _a240 p. ;
_c23 cm.
490 1 _aWiley nonprofit law, finance and management series.
500 _aPaperback.
520 _aBecome a More Effective Manager–and Have More Fun Doing It From the nonprofit world’s most beloved columnist come easy lessons on how to become a better, and happier, manager. This book weaves together many of the most important ideas found in Thomas McLaughlin’s hugely popular Nonprofit Times columns into a highly entertaining, motivating, and educational guide for nonprofit managers. McLaughlin’s affable but always dead-on treatment of the realities of the nonprofit world provides managers with a bold new perspective on their industry and their roles in it. The book shows how essential it is to managers’ well-being to keep in mind that they are more than the sum of their individual tasks, and it offers the support that so often eludes them. Trade Secrets for Nonprofit Managers arms you with valuable tools and tips for professional and organizational development and shows you how to: Use the unspoken truths of nonprofit management Make the connection between vision and mission Challenge the subtly counterproductive niceties afforded nonprofits in order to get things done Get informed, inspired–and entertained–with this one-of-a-kind guide to one of the fastest growing sectors in
830 _aWiley nonprofit law, finance and manag
856 _3Amazon.com
_uhttp://www.amazon.com/exec/obidos/ASIN/0471389528/ch
856 _3Amazon customer reviews
_uhttp://www.chopac.org/cgi-bin/tools/azrev.pl
942 _aNBS
_cBK
_k658.048 MCL
999 _c345386
_d345386